Soñar con agua / (Registro nro. 2517)

Detalles MARC
000 -LEADER
fixed length control field 01258nam a2200205 a 4500
008 - CAMPO DE CONTROL (LIBRO)
fixed length control field 171102e2014 ag ||||| |||| 00| p spa d
020 ## - INTERNATIONAL STANDARD BOOK NUMBER
ISBN 9789875592421
041 ## - CODIGO DE IDIOMA
Código de idioma del texto/pista de sonido o título separado spa
092 ## - SIGNATURA TOPOGRAFICA DEWEY LOCAL
número de clasificación 861
libristica 98
sección ZAN
100 1# - ENTRADA PRINCIPAL--NOMBRE PERSONAL
Nombre personal Zanlungo, Estela
9 (RLIN) 3311
245 ## - TITULO PROPIAMENTE DICHO
Título Soñar con agua /
Mención de responsabilidad y remanente de la transcripción de la portada Estela Zanlungo
250 ## - MENCION DE EDICION
Mención de edición 1a ed.
260 ## - PIE DE IMPRENTA
Lugar de publicación, distribución, etc Buenos Aires:
Nombre de la editorial, distribuidor, etc Del Dock;
Fecha de publicación 2014.
300 ## - DESCRIPCION FISICA
Extension 72 p.
500 ## - NOTA GENERAL
Nota general Zanlungo, E. (2014). Soñar con agua. (1a ed.). Buenos Aires : Del Dock.
505 ## - NOTA DE CONTENIDO
Nota de contenido formateada Soñar con agua es un largo poema dividido en partes de bella y cuidada factura, en el que sin embargo la lectura del fragmento, que nunca es gratuito, no deja de hacer sentido como una totalidad. Hacen al libro versos delicadamente escandidos, la respiración como tema y como procedimiento, figuras retóricas precisas, imágenes claras y el rumor de fondo que acompaña siempre la mejor poesía. El poema discute y mima poéticas recientes, busca conscientemente una tradición en la que quiere ser leído y está felizmente cimentado, como reflejo de imágenes misteriosas, líricas; tías que tejen tras los vidrios o puntos en la noche para soñar con agua.
590 ## - NOTAS LOCALES (RLIN)
Nota local Donacion Fondo Nacional de las Artes Oct2017<br/>
655 ## - MATERIA - GENERO/FORMA
Género/Forma Literatura
-- 2917
942 ## - ADDED ENTRY ELEMENTS (KOHA)
Source of classification or shelving scheme Dewey Decimal Classification
Item type LITERATURA
Existencias
Estado de retiro Existencia Fuente de clasificación Estado general No para prestamo Ubicación permanente ubicación actual Sala de ubicación Fecha de adquisición Fuente de adquisición Total Checkouts Número de clasificación Código de barras Date last seen Número de ejemplar Price effective from Koha tipo de elemento (item) Public note
    Dewey Decimal Classification     Biblioteca Medicina Biblioteca Medicina Circulación 02/11/2017 Donacion   861;98;ZAN 3997 02/11/2017 Ej. 1 02/11/2017 LITERATURA Donacion Fondo Nacional de las Artes Oct2017

UNIVERSIDAD NACIONAL DEL COMAHUE
Biblioteca de la Facultad de Ciencias Médicas
Sede Toschi: Los Arrayanes y Av. Toschi, Cipolletti  - Rio Negro
Sede Los Tordos:  Yrigoyen al 2211, Cipolletti - Rio Negro 

Teléfono: 0299 - 4774707 int 25
Contacto: biblioteca@facimed.uncoma.edu.ar
© 2011 - 2026